000 01468nam a22003137a 4500
003 CHAP
005 20240520122013.0
007 ta
008 220808s2020 mx o|||fr|||| 001 0 spa d
040 _amxchpua
090 _aT.C.832
_bV55 SAI
_c2020
245 1 0 _aMemoria del Primer Foro Generacional de Sistemas Agroindustriales :
_bpresentación de resultados de fase de campo /
_ccoordinadores Abraham Villegas de Gante y Anastacio Espejel García ; colaboradores Evelio Aguilar Gudino...[et al.]
260 _aChapingo, México :
_bEl autor,
_c2020
300 _a52 hojas :
_bdiapositivas +
_e1 CD-ROM
336 _2rdacontent
_atexto
_btxt
337 _2rdamedia
_ano mediado
_bn
338 _2rdacarrier
_avolumen
_bnc
502 _aViaje de Estudios
_b(SAI) --
_cUACh. Departamento de Ingeniería Agroindustrial,
_d2020
650 1 3 _aIndustrias agrícolas
_xEnsayos, conferencias, etc.
650 1 3 _aIngeniería agrícola
_xPlanes de estudio
_958204
650 1 3 _aIndustria de los alimentos
_xEnseñanza
650 1 3 _aAgriculrural industry
_xAddresses, essays, lectures
650 1 3 _aAgricultural engineering
_xCurricula
650 1 3 _aFood industry
_xInstruction and studies
700 1 _aVillegas de Gante, Abraham Zacarias
_ecoordinador
_9149800
700 1 _aEspejel García, Anastacio
_ecoordinador
_937809
700 1 _aAguilar Gudino, Evelio
_ecolaborador
_9149929
856 4 1 _uhttp://10.13.5.2/ve/T_C_832_SAI/T_C_832_SAI_2020_REPORTE.pdf
_yDESCARGAR REPORTE
999 _c217568
_d217568